Trattato di scenotecnica: prospettiva teatrale, restituzioni, materiale elettrico, illuminazione, macchineria, trucchi di palcoscenico, practica nella pittura e nelle confezione delle scene

Enregistré dans:
Détails bibliographiques
Auteur principal: Mello, Bruno (autor)
Format: Livre
Langue:italien
Publié: Milán Gorlich 1962
Sujets:
Tags: Ajouter un tag
Pas de tags, Soyez le premier à ajouter un tag!

MARC

LEADER 00000nam a2200000 a 4500
001 UCX9934
003 CL-VaPUC
008 940704e19620000IT |||||||||||||||||ita|d
082 0 4 |a 792.025  |b MEL  |2 21 
100 |a Mello, Bruno  |e autor  |9 327470 
245 1 0 |a Trattato di scenotecnica: prospettiva teatrale, restituzioni, materiale elettrico, illuminazione, macchineria, trucchi di palcoscenico, practica nella pittura e nelle confezione delle scene 
300 |a 304 p 
942 |c BK 
945 |d 19940704 00:00:00  |a oaravena 
260 |a Milán  |b Gorlich  |c 1962 
650 7 |a TEATROS PUESTA EN ESCENA Y ESCENOGRAFIA  |2 CL-VaPUC  |9 327471 
650 7 |a ILUMINACION ESCENICA  |2 CL-VaPUC  |9 327472 
583 |a last modification  |c 19940704 00:00:00  |k Rodrigo Vera 
999 |c 229049  |d 229047 
952 |0 0  |1 0  |4 0  |6 792_025000000000000_MEL_1962  |7 0  |8 A  |9 229592  |a BIBARQ  |b BIBARQ  |d 2019-11-15  |i 2988534  |o 792.025 MEL 1962  |p 2988534  |r 2025-01-20  |w 2019-11-15  |y BK  |k ARQ